| 000 | 00429nam a22001577a 4500 | ||
|---|---|---|---|
| 999 |
_c17969 _d17969 |
||
| 008 | 191012b xxu||||| |||| 00| 0 eng d | ||
| 020 | _a0387954570 | ||
| 050 |
_aQA276.4 _b.V46 2002 c.1 |
||
| 245 |
_aModern Applied Statistics with S _cVenables, W. N. ...[et al.]. |
||
| 250 | _a4th ed. | ||
| 260 |
_aNew York _bSpringer _c2002 |
||
| 300 | _axi,495p. | ||
| 650 | _aComputing system | ||
| 650 | _aStatistics | ||
| 942 |
_2lcc _cBK |
||